000 01022nam a22003611a 4500
999 _c27
_d27
001 017435485
003 UkOxU
005 20190724090201.0
008 100312r20112009enka j 000 f eng|d
015 _aGBB039098
_2bnb
016 7 _a015510574
_2Uk
020 _a9780141331973 (pbk.) :
020 _a0141331976 (pbk.) :
035 _a(Uk)015510574
040 _aStDuBDS
_beng
_cStDuBDS
_dUk
042 _aukblsr
082 0 4 _aFIC KIN
_222
100 1 _aKinney, Jeff.
_eauthor
245 1 0 _aDog days /
_cby Jeff Kinney.
260 _aLondon :
_bPuffin,
_c2011.
300 _a214 p. :
_bill. ;
_c20 cm.
336 _atext
_2rdacontent
337 _aunmediated
_2rdamedia
338 _avolume
_2rdacarrier
490 0 _aDiary of a wimpy kid
500 _aOriginally published: 2009.
500 _aFormerly CIP.
_5Uk
650 0 _aHeffley, Greg (Fictitious character)
_vJuvenile fiction.
655 0 _aDiary fiction.
655 0 _aChildren's stories.
942 _2ddc
_cFIC